000 02787nam a2200529 c 4500
003 BLK
005 20250426143520.0
008 180409b bul|||||r ||||||| ||bul||
010 _aKNG00106027000
020 _a954-8041-02-2
_bиздат.: Огледало - на том(ч. 3, т. 2)
040 _aBLK
041 _aBUL
_cBUL
080 _aДвижения в полза на определени раси и националности (ционизъм, негърският въпрос в САЩ и др.)
_b323.13
_x(=924)(091)
_z323.13(=924)(091)
080 _aДвижения срещу определени раси и националности
_b323.12
_x(=924)
_z323.12(=924)
080 _aЕврейска религия. Юдаизъм-Тора, пророци, Писания(Танах(Тенак)или Библия). Талмуд, Мидраш, Зоар(Устния закон). Секти(самаряни, фарисеи, садукеи, есейски и кумрански общини, прозелити. Халак
_b26
_x
_z26
080 _aИстория на Втората световна война (1939-1945)
_b940.53
_x(=924)
_z940.53(=924)
080 _aМеждународни политически отношения. Световна политика. Международна политика. Дипломация
_b327
_x
_z327
100 1 _aИфандиев, Георги Менелаев
_eпърви автор
_973236
139 _aИфандиев, Георги
_bИ 96
245 1 0 _aСянката на Цион
_bЧ. 1 -
_cГеорги Менелаев Ифандиев.
_nЧ. 3. Т. 2
257 _aBGR
260 София
_bЖарава
_c2003 -
300 _c20 см
380 _a3
500 _aОфс. изд. - Библиогр. с. 435-442.
504 _a435-442
650 4 _aЦионизъм
_9177316
650 4 _aЕврейски въпрос
_9265152
650 4 _aЮдаизъм
_9177984
650 4 _aИстория - Европа
_9265153
650 4 _aЕвреи - история
_9245385
650 4 _aВтора световна война
_9266732
650 0 _aМеждународни отношения
_9245477
653 _aеврейски въпрос
653 _aционизъм
653 _aюдаизъм
653 _aистория
653 _aВтора световна война
653 _aмеждународни отношения
760 1 _3- на том(ч. 3, т. 2)
_aИфандиев, Георги Менелаев
_dСофия, Огледало, 2003
_h442 с.
_tЧ. 3. Т. 2
852 _aЦб 213602
856 4 _qpdf
_u
856 4 _qpdf
_u
942 _cKNG
_n0
_03
944 _aCR
_c01.01.2003
_k30540
_lСевдалина Тодорова
944 _aED
_c02.02.2006
_k
999 _c100987
_d100987